01661cam a22003855a 4500999001700000001000800017003000900025005001700034008004100051020001800092020001500110040003800125082002300163100003500186245004700221250003300268264007100301300003100372336002600403337002800429338002700457500005000484504005100534520021600585650006800801650006500869650004400934650004200978650003901020651001001059653002501069655002401094942001201118952014501130 c25615d255871108730EG-ScBUE20201128024202.0931103s1994 nyu f b 001 0 eng d a9780679750543 a0679750541 aDLCbengerdacDLCdDLCdEG-ScBUE04a809.93358bSAI2221 aSaid, Edward W,eauthor.9334210aCulture and imperialism /cEdward W. Said. aFirst Vintage Books edition. 1aNew York :bVintage Books, a Division of Random House, Inc,c1994. axxviii, 380 pages ;c21 cm 2rdacontentatextbtxt 2rdamediaaunmediatedbn 2rdacarrieravolumebnc aOriginally published: New York : Knopf, 1993. aIncludes bibliographical references and index. aA landmark work from the intellectually auspicious author of Orientalism that explores the long-overlooked connections between the Western imperial endeavor and the culture that both reflected and reinforced it. 7aEuropean literaturexHistory and criticismxTheory, etc.2BUEsh 7aLiteraturexHistory and criticismxTheory, etc.2BUEsh95271 7aImperialism in literature.2BUEsh91355 7aColonies in literature.2BUEsh937225 7aPolitics and culture.2BUEsh91353 2BUEsh bBUSBOLcNovember2017 vReading book934232 2ddccBB 00102ddc40708BaccahaMAINbMAINc2NDd2017-11-19ePurchaseg550.00l3m13o809.93358 SAIp000042517r2025-07-15 00:00:00s2020-12-15yBB